SEBUAH NOVEL IMBASAN SEJARAH ANDAK UMAR / (Record no. 194222)

MARC details
000 -LEADER
fixed length control field 00962nam a2200265 i 4500
005 - DATE AND TIME OF LATEST TRANSACTION
control field 20231227110907.0
008 - FIXED-LENGTH DATA ELEMENTS--GENERAL INFORMATION
fixed length control field 231227t20232023my g 000 fbmay d
020 ## - INTERNATIONAL STANDARD BOOK NUMBER
International Standard Book Number 9789671773567
Terms of availability RM40.00
Qualifying information paperback
040 ## - CATALOGING SOURCE
Original cataloging agency PPAK
Language of cataloging eng
Transcribing agency PPAK
Description conventions rda
082 04 - DEWEY DECIMAL CLASSIFICATION NUMBER
Edition number 23
Classification number 899.2333
090 00 - LOCALLY ASSIGNED LC-TYPE CALL NUMBER (OCLC); LOCAL CALL NUMBER (RLIN)
Classification number (OCLC) (R) ; Classification number, CALL (RLIN) (NR) 899.2333
Feature heading MUH
Feature heading G
100 0# - MAIN ENTRY--PERSONAL NAME
Personal name Muhd Mansor Abdullah,
Dates associated with a name 1945-
Relator term author.
245 10 - TITLE STATEMENT
Title SEBUAH NOVEL IMBASAN SEJARAH ANDAK UMAR /
Statement of responsibility, etc. MUHD MANSUR ABDULLAH ; Editor: M Zaki Arif
246 33 - VARYING FORM OF TITLE
Title proper/short title Sebuah novel imbasan sejarah ANDAK UMAR :
Remainder of title Cerita tragis menyelubungi langit patriotisme & antikolonialisme musim Jepun
264 #1 - PRODUCTION, PUBLICATION, DISTRIBUTION, MANUFACTURE, AND COPYRIGHT NOTICE
Place of production, publication, distribution, manufacture Temoh, Perak :
Name of producer, publisher, distributor, manufacturer Penerbit KayaCipta,
Date of production, publication, distribution, manufacture, or copyright notice [2023?]
Date of production, publication, distribution, manufacture, or copyright notice ©2023
300 ## - PHYSICAL DESCRIPTION
Extent 410 pages ;
Dimensions 19 cm
336 ## - CONTENT TYPE
Content type term text
Source rdacontent
337 ## - MEDIA TYPE
Media type term unmediated
Source rdamedia
338 ## - CARRIER TYPE
Carrier type term volume
Source rdacarrier
650 10 - SUBJECT ADDED ENTRY--TOPICAL TERM
Topical term or geographic name entry element Malay fiction
Topical term or geographic name entry element Malaysian fiction (Malay)
700 0# - ADDED ENTRY--PERSONAL NAME
Personal name M Zaki Arif,
Relator term editor.
942 ## - ADDED ENTRY ELEMENTS (KOHA)
Source of classification or shelving scheme Dewey Decimal Classification
Koha item type Book
Holdings
Withdrawn Not for loan Current library Shelving location Date acquired Total Checkouts Full call number Barcode Date last seen Koha item type Date last checked out
    Perpustakaan Alor Setar Pinjaman Dewasa 11/01/2024   899.2333 MUH A01802464 11/01/2024 Book  
    Perpustakaan Awam Sungai Petani Pinjaman Dewasa 11/01/2024 2 899.2333 MUH A01802465 25/05/2026 Book 20/05/2026
    Perpustakaan Langkawi Pinjaman Dewasa 11/01/2024 5 899.2333 MUH A01802466 06/01/2026 Book 17/12/2025